LEADER 01515nam 2200469Ia 450 001 9910697260703321 005 20230902161605.0 035 $a(CKB)5470000002386314 035 $a(OCoLC)646198165 035 $a(EXLCZ)995470000002386314 100 $a20100707d1995 ua 0 101 0 $aeng 135 $aurbn||||||||| 181 $ctxt$2rdacontent 182 $cc$2rdamedia 183 $acr$2rdacarrier 200 00$aComposite prepreg application device$b[electronic resource] /$finventor, Donald A. Sandusky, Joseph M. Marchello 205 $a[Redacted ed.] 210 1$a[Washington, DC] :$c[National Aeronautics and Space Administration],$d[1995] 215 $a1 online resource $cillustrations 225 1 $aNASA case ;$vno. LAR 15259-1 300 $aTitle from PDF title screen (NASA, viewed July 6, 2010). 410 0$aNASA case ;$vLAR-15259-1. 606 $aCold rolling$2nasat 606 $aHeating$2nasat 606 $aPrepregs$2nasat 606 $aRollers$2nasat 606 $aThermoplastic resins$2nasat 615 7$aCold rolling. 615 7$aHeating. 615 7$aPrepregs. 615 7$aRollers. 615 7$aThermoplastic resins. 701 $aSandusky$b Donald A$01396788 701 $aMarchello$b J. M$01396789 712 02$aUnited States.$bNational Aeronautics and Space Administration. 801 0$bGPO 801 1$bGPO 906 $aBOOK 912 $a9910697260703321 996 $aComposite prepreg application device$93457453 997 $aUNINA LEADER 01966nam 2200433z- 450 001 9910689846503321 005 20100924124503.0 035 $a(CKB)5860000000026445 035 $a(BIP)012311096 035 $a(EXLCZ)995860000000026445 100 $a20220406c2005uuuu -u- - 101 0 $aeng 200 10$aImplementation of the Clean Water Act $ehearing before the Subcommittee on Fisheries, Wildlife, and Water of the Committee on Environment and Public Works, United States Senate, One Hundred Eighth Congress, first session, September 16, 2003, on the total maximum daily load (TMDL) program, spill prevention control and countermeasure plans, storm water issues, water quality trading and the negligent violation section of the act 215 $a1 online resource (iv, 250 p.) $cill 311 $a0-16-074503-9 517 $aImplementation of the Clean Water Act 606 $aWater$xPollution$xLaw and legislation$zUnited States 606 $aWater$xPollution$xTotal maximum daily load$zUnited States 606 $aSewerage$xLaw and legislation$zUnited States 606 $aRunoff$xLaw and legislation$zUnited States 606 $aWater quality management$zUnited States 606 $aWater quality trading$zUnited States 610 $aWater 610 $aSewerage 610 $aRunoff 610 $aWater quality management 610 $aScience 610 $aTechnology & engineering 615 0$aWater$xPollution$xLaw and legislation 615 0$aWater$xPollution$xTotal maximum daily load 615 0$aSewerage$xLaw and legislation 615 0$aRunoff$xLaw and legislation 615 0$aWater quality management 615 0$aWater quality trading 712 02$aUnited States, Congress Senate Committee on Environment and Public Works Subcommittee on Fisheries, Wildlife, and Water Staff,$4oth 906 $aBOOK 912 $a9910689846503321 996 $aImplementation of the Clean Water Act$93135903 997 $aUNINA